[Event "IECC TH-M email"]
[Site "IECC email"]
[Date "1999.11.18"]
[Round "?"]
[White "Van Dam, Carl"]
[Black "Krivorotov, Eugene"]
[Result "1-0"]
[WhiteElo "1540"]
[BlackElo "954"]
[PlyCount "21"]
[EventDate "1999.??.??"]
[EventType "match (corr)"]
[EventRounds "2"]
[SourceTitle "Corr 2008"]
[Source "ChessBase"]
[SourceDate "2008.06.24"]
[SourceVersion "1"]
[SourceVersionDate "2008.06.24"]
[SourceQuality "1"]

1. d4 Nf6 2. c4 g6 3. Nc3 Bg7 4. e4 d6 5. Nf3 0-0 6. Be2 e5 7. 0-0 Nc6 8. d5 Ne7 9. b4 Nh5 10. g3 f5 11. Ng5 1-0